Detalles MARC
| 000 -LIDER |
| fixed length control field |
02048nam a2200349 4500 |
| 003 - IDENTIFICACDOR DE NÚMERO DE CONTROL |
| control field |
DO-SdBNP |
| 005 - DATE AND TIME OF LATEST TRANSACTION |
| control field |
20220906083707.0 |
| 008 - ELEMENTOS DE LONGITUD FIJA |
| fixed length control field |
191211s2016 dr a b f100 0 spa |
| 020 ## - ISBN |
| International Standard Book Number |
9789945905229 |
| 035 ## - NÚMERO LOCAL |
| System control number |
|
| 040 ## - FUENTE DE CATALOGACIÓN |
| Agencia que crea de manera original el registro |
BPMSU |
| Idioma de catalogación |
spa |
| Agencia que realiza la transcripción |
BPMSU |
| Convenciones de la despripción |
|
| 042 ## - CÓDIGO DE AUNTENTIFICACIÓN |
| Authentication code |
|
| 043 ## - CÓDIGO DE ÁREA GEOGRÁFICA |
| Geographic area code |
|
| 082 ## - NÚMERO DE CLASIFICACIÓN DECIMAL DE DEWEY |
| Classification number |
342.7293 |
| Item number |
A516n 2016 |
| Edition number |
22 |
| 100 1# - ASIENTO PRINCIPAL -- NOMBRE PERSONAL |
| Nombre personal |
Amiama, Manuel A |
| Fechas asociadas con el nombre |
1899-1991 |
| 243 ## - COLLECTIVE UNIFORM TITLE |
| Nombre de la parte o sección de una obra |
|
| 245 13 - MENCIÓN DE TITULO |
| Título |
Notas de derecho constitucional / |
| Mención de responsabilidad |
Manuel A. Amiama ; edición Raymundo Amaro Guzmán. |
| 250 ## - MENCIÓN DE EDICION |
| Mención de edición |
ed. rev. y act. |
| 260 ## - PUBLICACIÓN, DISTRIBUCIÓN, ETC. (PIE DE IMPRENTA) |
| Lugar de publicación, distribución, etc |
Santo Domingo ; |
| Nombre del editor, distribuidor, etc. |
Tribunal Constitucional, |
| Fecha de publicación, distribución, etc |
2016 |
| 300 ## - DESCRIPCIÓN FÍSICA |
| Extensión |
265 p. ; |
| Dimensiones |
23 cm |
| 490 0# - MENCIÓN DE SERIES |
| Mención de serie |
Clásicos de derecho constitucional |
| 500 ## - NOTA GENERAL |
| Nota general |
Incluye referencias bibliográficas y notas al pie de las páginas |
| 505 0# - NOTA DE CONTENIDO |
| Texto normalizado de contenido |
Palabras del magistrado presidente / Dr. Milton Ray Guevara -- Teroría política del Estado -- Concepto general del Estado -- Constitución política -- Evolución histórica del constitucionalismo -- Concepto de soberanía -- Constituciones modernas -- Régimen de los derechos absolutos -- Régimen de los derechos absolutos -- Derechsos políticos -- El sufragio como ejercicio de la soberanía popular -- Representación de la soberanía popular -- Función legislativa -- Procedimiento legislativos -- Plenitud de atribuciones del Congreso en materia legislativa -- La función ejecutiva -- Régimen de sucesión ejecutiva -- La función jurisdiccional de Estado -- La constitución y la economía del Estado -- Administración regional y local -- Las fuerzas armadas -- Reformas constitucionales -- Supremacía de la constitución y de los derechos absolutos -- El Estado contemporáneo y la administración. |
| 590 ## - NOTA LOCAL |
| Enlace |
Inventariado, 2021/VM |
| 651 #4 - ENCABEZAMIENTO DE MATERIA--NOMBRE GEOGRÁFICO |
| Nombre geográfico |
República Dominicana |
| Subdivisión temática general |
Derecho constitucional |
| 651 #4 - ENCABEZAMIENTO DE MATERIA--NOMBRE GEOGRÁFICO |
| Nombre geográfico |
República Dominicana |
| Subdivisión temática general |
Constitución |
| 700 1# - ASIENTO SECUNDARIO -- NOMBRE PERSONAL |
| Nombre personal |
Raymundo, Amaro Guzmán. |
| Mención de responsabilidad |
ed. |
| 700 1# - ASIENTO SECUNDARIO -- NOMBRE PERSONAL |
| Nombre personal |
Massó Garrote Marcos, |
| Mención de responsabilidad |
coord. |
| 710 2# - ASIENTO SECUNDARIO -- NOMBRE CORPORATIVO |
| Nombre corporativo o de jurisdicción |
Tribunal Constitucional (República Dominicana) |
| 910 ## - VALIDACIÓN |
| Validación |
VMateo |
| 942 ## - ADDED ENTRY ELEMENTS (KOHA) |
| Source of classification or shelving scheme |
Dewey Decimal Classification |
| Koha item type |
Libros |